[Event "Speed Chess Championship 2020"]
[Site "Online"]
[Date "2020.11.19"]
[Round "2.8"]
[White "Duda, Jan-Krzysztof"]
[Black "So, Wesley"]
[Result "0-1"]
[WhiteElo "2743"]
[BlackElo "2816"]
[Annotator "TA"]
[PlyCount "96"]
[EventDate "2020.10.31"]
[EventType "k.o."]
[EventCountry "NET"]
[SourceTitle "playchess.com"]
[Source "ChessBase"]
[SourceQuality "1"]

{[%evp 12,96,22,14,19,16,32,5,16,2,25,0,7,0,0,0,0,0,10,0,0,-32,-16,-63,0,-12,-25,-112,-122,-125,-130,-129,-122,-132,-136,-130,-126,-222,-178,-189,-189,-184,-191,-544,-412,-403,-244,-552,-545,-543,-540,-882,-476,-460,-454,-403,-395,-689,-684,-659,-656,-510,-109,-266,-289,-281,-285,-272,-264,-1215,-1049,-681,-679,-5314,-626,-29980,-29981,-29990,-609,-691,-641,-601,-578,-1420,-482,-412,-342]} 1. e4 e5 2. Nf3 Nc6 3. Bc4 Nf6 4. d3 Bc5 5. O-O h6 6. c3 d6 7. Nbd2 O-O {C54: Giuoco Piano: 4 c3 Nf6, main lines with 5 d4 and 5 d3.} 8. Re1 a6 9. a4 {The modern move.} a5 {The position is equal.} 10. h3 Be6 11. b3 d5 12. exd5 Nxd5 13. Ne4 Bb6 14. Bd2 f5 15. Ng3 Qd6 {[#]} 16. Nf1 $146 ({Predecessor:} 16. Qe2 Rae8 17. Rad1 Qd7 18. Kh1 Qd6 19. Nxe5 Bxf2 20. Qxf2 Nxe5 21. Kg1 b6 22. Bb5 {½-½ (51) Struzka,V (2165)-Benes,J (2167) ICCF email 2016}) 16... Rae8 17. Bb5 Bd7 ({Black should try} 17... Bf7 $1 $15) 18. Ne3 Bxe3 19. fxe3 (19. Bxe3 $11 Kh7 20. Bd2) 19... e4 $17 20. dxe4 fxe4 21. Nh2 {[#]} Bxh3 $1 {[%mdl 512]} 22. Bxc6 (22. gxh3 Qg3+) 22... bxc6 23. Qe2 Be6 $36 {[%mdl 2048] White is under strong pressure.} 24. Red1 (24. Rf1 $17) 24... Qe5 25. Rac1 Nf6 26. c4 Qg5 27. b4 $2 (27. Rf1 {is a better chance.}) 27... axb4 28. Bxb4 c5 29. Bd2 $2 (29. Ba5 {is tougher.}) 29... Bg4 $19 30. Nxg4 Nxg4 ({Not} 30... Qxg4 31. Qxg4 Nxg4 32. a5 $17) 31. Rf1 Qh4 {[%csl Gg4][%cal Rh4h2] [#]} 32. g3 Qxg3+ 33. Qg2 Qh4 {aiming for ...Rf3!} ({Weaker is} 33... Rxf1+ 34. Rxf1 Qh4 35. a5 $19) 34. Rxf8+ $2 (34. Rf4 Rxf4 35. exf4) 34... Rxf8 35. Rf1 Rxf1+ 36. Kxf1 Qf6+ $2 (36... Nh2+ $19 {and Black stays clearly on top.} 37. Ke2 Qh5+ 38. Ke1 Nf3+ 39. Kd1 Qe8) 37. Ke2 $2 {White does not recover from this.} (37. Ke1 $17 Qf5 38. a5) 37... Qe6 38. Ke1 h5 39. Qh3 Qf5 ({But not} 39... Qxc4 40. Qxh5 Nf6 41. Qd1 $17) 40. Qh4 $2 (40. Qf1 Qxf1+ 41. Kxf1) 40... Ne5 {( -> ...Nf3+)} 41. Qd8+ Kh7 {Threatens to win with ...Qf3.} 42. Kd1 Nxc4 (42... Qf1+ $142 43. Kc2 Qxc4+ {[%mdl 64] Double Attack} 44. Kd1 Qf1+ 45. Kc2 Qc4+ {[%mdl 64] Double Attack} 46. Bc3 Qxa4+ 47. Kd2 Qa2+ 48. Kc1 Nd3+ 49. Kd1 Qb1+ 50. Ke2 Qc2+ 51. Bd2 Nb2) 43. a5 Qf1+ 44. Kc2 Qe2 (44... Na3+ $142 45. Kb3 Qb1+ 46. Kxa3 c4 47. Qb8 Qxb8 48. Ka2 Qb3+ 49. Ka1 Qd1+ {[%mdl 64] Double Attack} 50. Bc1 Qxc1+ {[%mdl 64] Double Attack} 51. Ka2 Qc2+ 52. Ka1 c3 53. a6 Qb2#) 45. Kc3 Nxd2 46. Qxd2 Qb5 47. Qa2 Qa6 (47... Qd3+ $142 48. Kb2 c4) 48. Qa4 g6 {Weighted Error Value: White=1.02/Black=0.81} 0-1

[Event "Speed Chess Championship 2020"]
[Site "Online"]
[Date "2020.12.05"]
[Round "2.8"]
[White "Artemiev, Vladislav"]
[Black "Carlsen, Magnus"]
[Result "0-1"]
[WhiteElo "2708"]
[BlackElo "2862"]
[Annotator "TA"]
[PlyCount "52"]
[EventDate "2020.10.31"]
[EventType "k.o."]
[EventCountry "NET"]
[SourceTitle "playchess.com"]
[Source "ChessBase"]
[SourceQuality "1"]

{[%evp 20,52,27,33,38,0,4,14,35,-38,-37,-68,-70,-85,-81,-85,-56,-61,-63,-87,-92,-81,-80,-77,-72,-241,-170,-734,-736,-711,-712,-29986,-29987,-29987,-29988]} 1. d4 Nf6 2. Bg5 e6 3. Nd2 h6 4. Bh4 c5 5. e3 Be7 6. Ngf3 cxd4 7. exd4 b6 8. Bd3 Bb7 9. O-O d6 10. Re1 Nbd7 11. a4 a6 {[%cal Ba7a6,Ba6b5][%mdl 32] [#] A46: 1 d4 Nf6 2 Nf3 e6: Torre, London and Colle Systems.} 12. c4 $146 ({Predecessor:} 12. c3 O-O 13. Nc4 Qc7 14. Ne3 Rfe8 15. Bc2 Bf8 16. Qe2 Bc6 17. Bd3 Qb7 18. Nc2 e5 19. dxe5 dxe5 {0-1 (51) Ivanchuk,V (2739)-Carlsen,M (2801) Moscow 2009}) 12... d5 13. b3 Bb4 {The position is equal.} 14. Ne5 ({White should try} 14. Re3 $14) 14... dxc4 $15 15. Ndxc4 b5 $1 {[%cal Rb5c4]} 16. axb5 axb5 17. Rxa8 Qxa8 18. Nd2 $1 O-O 19. Nxd7 Nxd7 20. Bxb5 Nb6 {[#] Hoping for ...Qa5.} 21. Bf1 Nd5 {aiming for ...Qa2.} 22. Bc4 $2 (22. Re5 $17 {was forced.}) 22... Nf4 23. Qg4 $2 (23. Bg3 Nxg2 24. Re2) 23... Bxd2 $19 24. Bf6 Ng6 25. Rxe6 Qa1+ 26. Bf1 fxe6 {White did not feel at home in the position after the opening.  Weighted Error Value: White=0.99/Black=0.07} 0-1

[Event "Speed Chess Championship 2020"]
[Site "Online"]
[Date "2020.12.03"]
[Round "2.8"]
[White "Fedoseev, Vladimir"]
[Black "Nakamura, Hikaru"]
[Result "0-1"]
[WhiteElo "2676"]
[BlackElo "2736"]
[Annotator "TA"]
[PlyCount "118"]
[EventDate "2020.10.31"]
[EventType "k.o."]
[EventCountry "NET"]
[SourceTitle "playchess.com"]
[Source "ChessBase"]
[SourceQuality "1"]

{[%evp 12,118,28,21,19,25,18,16,12,4,15,2,10,4,7,-1,52,6,18,12,29,16,52,1,59,45,40,50,141,147,139,119,119,108,106,100,131,135,164,142,161,173,147,153,148,135,164,171,168,175,165,172,230,231,242,241,239,156,175,135,254,207,166,98,94,0,0,0,0,0,0,0,0,0,0,0,0,0,0,0,0,-257,-256,-221,-241,-412,-418,-411,-411,-800,-803,-965,-916,-900,-826,-682,-666,-1096,-1065,-905,-787,-1449,-1340,-1273,-1271,-1340,-749,-29981,-29982]} 1. e4 e5 2. Nf3 Nc6 3. Bc4 Bc5 4. c3 Nf6 5. d3 d6 6. O-O h6 {6...a6 is setting a new trend.} 7. Re1 O-O {C54: Giuoco Piano: 4 c3 Nf6, main lines with 5 d4 and 5 d3.} 8. b4 {[%cal Bb2b4,Bb4b5][%mdl 32]} Bb6 9. a4 {Threatens to win with a5.} a5 {The position is equal.} 10. b5 Ne7 11. Nbd2 Ng6 12. d4 Re8 13. Bb2 {[#]} exd4 $146 ({Better is} 13... c6 $11) ({Predecessor:} 13... Nf4 14. Bf1 Bg4 15. h3 Bh5 16. g3 Ne6 17. Qb3 c6 18. Bg2 exd4 19. cxd4 Bg6 {½-½ (33) Ottesen,S (2370)-Mozelius,P (2269) ICCF email 2016}) 14. cxd4 (14. Qb3 $5 {[%cal Rc4f7]} Be6 15. Bxe6 (15. cxd4 Bxc4 16. Qxc4 d5 $11) 15... Rxe6 16. cxd4 $14) 14... d5 15. exd5 Rxe1+ 16. Qxe1 Nf4 17. Ne5 (17. Ne4 $14) 17... N4xd5 (17... N6xd5 $11 18. g3 Nh3+ 19. Kh1 Be6) 18. Ne4 {aiming for Nxf6+.} Be6 19. Nc5 Rb8 (19... Qc8 $14) 20. Nxe6 $16 fxe6 21. Nd3 Qe7 22. Ba3 Qf7 23. Bc5 Nd7 24. Ra2 c6 25. Re2 Re8 26. Bxd5 cxd5 27. Bxb6 Nxb6 28. Qxa5 Nc4 29. Qe1 b6 30. g3 Qf5 31. Ne5 Nxe5 (31... Kh7 $142 32. h4 Rd8) 32. Rxe5 $18 {[%mdl 4096] Endgame KQR-KQR} Qf7 33. f4 g6 34. Qc3 Qd7 35. Re2 Rc8 (35... h5 $16 {was necessary.} 36. Qc6 Qxc6 37. bxc6 Kf7) 36. Qd3 Kf7 37. Rc2 (37. h4 $1 $18) 37... Rc7 $16 {[#]} 38. Kf2 (38. h4 $1 $16 {[%cal Rh4h5] Strongly threatening h5!} Qc8 39. Rxc7+ Qxc7 40. h5 Qc1+ 41. Kg2 gxh5 42. Qe2) 38... Qc8 $1 $11 39. Rxc7+ Qxc7 {KQ-KQ} 40. h4 {h5! is the strong threat.} h5 41. Qb3 Qc1 42. Ke2 Qa1 43. Kd3 Qg1 44. a5 Qxg3+ 45. Kc2 Qf2+ 46. Kd3 $2 {[%mdl 8192]} (46. Kd1 $1 $11) 46... Qf3+ $19 (46... Qxf4 47. a6 $11) (46... bxa5 47. b6 $11) 47. Kc2 {[#]} Qe2+ $1 ({Worse is} 47... Qxf4 48. a6 $11 (48. axb6 Qh2+ 49. Kd3 Qxh4 $11)) 48. Kc1 $2 (48. Kc3 {was the only defense.} Qe1+ 49. Kd3) 48... Qe1+ 49. Kc2 Qxa5 50. Kd3 (50. f5 $142 gxf5 51. Kd3) 50... Qe1 51. Qa4 Qe4+ 52. Kc3 Qe3+ 53. Kc2 Kf6 54. Qb4 {[%cal Rb4f8]} Kf5 55. Qf8+ Kg4 56. Qf6 Qe4+ 57. Kc3 Kf3 58. Kb2 Ke3 59. Kc1 Kd3 {Quite a comeback for Black.  Weighted Error Value: White=0.55/Black=0.19} 0-1

[Event "Speed Chess Championship 2020"]
[Site "Online"]
[Date "2020.12.05"]
[Round "2.9"]
[White "Carlsen, Magnus"]
[Black "Artemiev, Vladislav"]
[Result "1/2-1/2"]
[WhiteElo "2862"]
[BlackElo "2708"]
[Annotator "TA"]
[PlyCount "187"]
[EventDate "2020.10.31"]
[EventType "k.o."]
[EventCountry "NET"]
[SourceTitle "playchess.com"]
[Source "ChessBase"]
[SourceQuality "1"]

{[%evp 15,187,18,31,20,39,33,38,9,0,0,0,2,8,0,0,0,8,5,7,-138,-148,-149,-108,-108,-108,-108,-113,-114,-107,-114,-110,-110,-115,-121,-121,-167,-167,-161,-125,-157,-115,-112,-104,-121,-87,-84,-80,-86,-52,-110,-110,-114,-106,-111,-98,-98,-96,-98,-98,-98,-98,-98,-91,-91,-91,-91,-91,-91,-91,-92,-91,-92,-91,-91,-91,-92,-92,-92,-92,-92,0,-92,-92,-92,-92,-92,-92,-92,-91,-92,-92,-92,-91,-91,-91,-91,-91,-91,-91,-91,-91,-91,-21,-21,-21,-21,-21,-21,-21,-21,-21,-21,-21,-21,-21,-21,-21,-21,-21,-21,-21,-21,-21,-21,-21,-21,0,-21,-21,-21,-21,-21,0,-21,0,-21,0,-21,-21,-21,-21,-21,-4,-21,-21,-21,-21,-21,-4,-21,-4,-21,-21,-21,-21,-21,-14,-21,-21,-21,-22,-22,0,0,0,0,0,0,0,0,0,0,0,0]} 1. d4 d5 2. c4 c6 3. Nf3 Nf6 4. e3 g6 5. Nc3 Bg7 6. Be2 O-O 7. O-O e6 8. Qc2 {8.Qc2 was played by the boomers.} Nbd7 9. Rd1 {D94: Grünfeld: 4 Nf3 Bg7 5 e3.} Re8 10. b3 b6 11. cxd5 {White is slightly better.} exd5 {[#]} 12. Ba3 $146 ({Predecessor:} 12. a4 a5 13. Ba3 Bb7 14. Bd3 Rc8 15. Rac1 Bf8 16. Bxf8 Kxf8 17. Qb2 Qe7 18. h3 {½-½ (29) Ghaem Maghami,E (2562)-Ashwin,J (2490) Arlington 2015}) 12... Bb7 13. Rac1 Rc8 14. Bf1 c5 15. Qb1 Ne4 16. Bb2 Qe7 17. dxc5 {[#]} (17. Rc2 $11 {keeps the balance.}) 17... Nxf2 $1 $17 {[%mdl 512]} 18. Re1 (18. Kxf2 Qxe3+) 18... Nxc5 19. Kxf2 Bxc3 20. Bxc3 Ne4+ {[%mdl 64] Double Attack} 21. Kg1 Rxc3 22. Rxc3 Nxc3 23. Qb2 Ne4 24. b4 Nd6 25. Bd3 Nc4 26. Qc3 Rc8 (26... Nxe3 $2 27. Bb5 $18) 27. a3 Nd6 ({Avoid the trap} 27... Nxe3 $2 28. Qd4 $18) 28. Qd4 Ne4 29. Qa1 Ng5 30. Nxg5 Qxg5 31. Qd4 f6 32. Re2 (32. a4 $15) 32... Qe5 33. Rc2 Rxc2 34. Bxc2 Qxd4 (34... Ba6 {with more complications.} 35. a4 Bc4 36. a5 Kg7 37. g3 Qe7) 35. exd4 {[%mdl 4096] Endgame KB-KB} Kf7 36. h4 h6 37. Kf2 g5 38. hxg5 fxg5 39. g4 Kf6 40. Kg3 Bc8 41. Bd1 Be6 42. Bf3 Ke7 43. Be2 Kd6 44. Bd3 Bd7 45. Be2 Ba4 46. Bd3 Kc6 47. Bg6 {Hoping for Be8+.} Kd6 48. Bd3 $1 Bb3 49. Bb5 Ba2 50. Be8 Bc4 51. Ba4 Be2 52. Be8 Kc7 53. Ba4 h5 54. gxh5 Bxh5 55. Bb3 Kc6 56. Ba4+ Kd6 57. Bb3 Be2 58. Bc2 a5 ({Black should play} 58... Ke6 $17) 59. bxa5 $11 {The position is equal.} bxa5 60. Kf2 Bg4 61. Kg3 {Cut Off at move 61} Be6 (61... Bc8 {is more complex.} 62. Kf2 Kc6 63. Bd1 Bd7 64. Bc2 Kc7) 62. Bd1 Ke7 63. Bc2 $1 Kf6 64. Bb3 Bf7 65. Ba2 Kf5 66. Bb1+ Ke6 67. Ba2 Kf6 68. Bb3 Be6 69. Ba2 Ke7 70. Bb3 Kd6 71. Ba4 Kc7 72. Bb5 Kb6 (72... Bf5 {looks sharper.} 73. Kf3 Kb7 74. Ba4 Kb6 75. Bb3 Kc6) 73. Be8 Kc7 74. Ba4 Kd6 75. Bc2 Ke7 76. Bd3 Kf6 77. Bc2 $1 Bf5 78. Bb3 Be4 79. Kg4 Kg6 80. Ba4 Bf5+ 81. Kg3 $1 Bb1 {And now ...Kf5 would win.} 82. Kg4 Bd3 83. Be8+ Kf6 {...Be2+ is the strong threat.} 84. Bc6 Be2+ 85. Kg3 Bc4 {Threatens to win with ...Kf5.} 86. Kg4 Bb3 87. Bd7 Bd1+ 88. Kg3 g4 89. Bxg4 Bb3 90. Kf4 Bc4 91. Bf3 Bb3 92. Bg4 Bc4 93. Bf3 Bb3 94. Bg4 {White happily takes the draw.  Weighted Error Value: White=0.09/Black=0.10} 1/2-1/2

[Event "Speed Chess Championship 2020"]
[Site "Online"]
[Date "2020.11.19"]
[Round "2.9"]
[White "So, Wesley"]
[Black "Duda, Jan-Krzysztof"]
[Result "1-0"]
[WhiteElo "2816"]
[BlackElo "2743"]
[Annotator "TA"]
[PlyCount "67"]
[EventDate "2020.10.31"]
[EventType "k.o."]
[EventCountry "NET"]
[SourceTitle "playchess.com"]
[Source "ChessBase"]
[SourceQuality "1"]

{[%evp 18,67,27,27,22,14,18,13,99,106,109,100,105,104,91,95,172,163,170,177,190,188,254,217,224,170,191,165,214,218,412,411,555,536,561,563,552,531,556,495,527,530,576,477,485,485,663,670,687,689,1093,1007]} 1. d4 Nf6 2. c4 e6 3. Nc3 Bb4 4. Qc2 c5 5. dxc5 Na6 6. a3 Bxc3+ 7. Qxc3 Nxc5 8. b4 Nce4 9. Qc2 d5 10. f3 Nd6 {E38: Nimzo-Indian: Classical: 4...c5.} 11. c5 Nf5 12. e3 e5 {[#]} (12... O-O $11 {keeps the balance.}) 13. Bb5+ $1 $16 Kf8 {[#]} 14. Ne2 $1 a5 15. Rb1 axb4 16. axb4 {[#]} d4 $146 (16... h5 $16) ({Predecessor:} 16... h5 17. O-O h4 18. Rd1 Qc7 19. e4 Ne7 20. Bg5 d4 21. f4 Rh5 22. fxe5 Rxg5 23. exf6 {½-½ (32) Budovic,E-Kosikov,A (2395) Beltsy 1979}) 17. e4 $18 Nh4 18. O-O h6 19. f4 Ng6 (19... Bd7 $142 20. Bd3 Ng6 21. fxe5 Nxe5) 20. h3 Kg8 21. Bc4 Be6 22. Bd3 {Black must now prevent f5.} Ra2 23. Rb2 Ra3 $2 (23... Rxb2 {was worth a try.} 24. Bxb2 exf4 25. Nxd4 Qc8) 24. f5 {[%mdl 64] Double Attack} Nf8 25. fxe6 {White is clearly winning.} Nxe6 26. Ra2 Rxa2 27. Qxa2 Kh7 28. Bd2 Re8 29. Ng3 g6 30. Bc4 Kg7 31. Qa7 Qe7 32. Bxe6 {[%mdl 64] Overworked Piece} Qxe6 33. Qxb7 Qa2 {[#]} 34. Bxh6+ $1 {Black did not feel at home in the position after the opening.  Weighted Error Value: White=0.13/Black=0.44} 1-0

[Event "Speed Chess Championship 2020"]
[Site "Online"]
[Date "2020.12.02"]
[Round "2.9"]
[White "Vachier-Lagrave, Maxime"]
[Black "Aronian, Levon"]
[Result "1/2-1/2"]
[WhiteElo "2784"]
[BlackElo "2781"]
[Annotator "TA"]
[PlyCount "66"]
[EventDate "2020.10.31"]
[EventType "k.o."]
[EventCountry "NET"]
[SourceTitle "playchess.com"]
[Source "ChessBase"]
[SourceQuality "1"]

{[%evp 12,66,20,15,32,33,33,21,20,20,28,36,31,7,7,7,6,5,3,0,0,0,0,-15,21,16,17,10,18,8,16,0,20,0,4,0,8,-10,114,0,18,0,27,0,0,0,0,0,0,-2,40,0,0,0,16,0,0]} 1. e4 e5 2. Nf3 Nc6 3. Bc4 Bc5 4. c3 Nf6 5. d3 d6 6. O-O O-O 7. Re1 $1 {[%mdl 4] outshines the older 7.Bb3.} a5 {C54: Giuoco Piano: 4 c3 Nf6, main lines with 5 d4 and 5 d3.} 8. Bg5 h6 9. Bh4 g5 10. Bg3 $1 Ba7 11. Na3 g4 12. Nh4 Nh5 13. Nc2 Qg5 14. Ne3 Bxe3 {[#]} 15. fxe3 $146 ({Predecessor:} 15. Rxe3 a4 16. Re1 Be6 17. b3 axb3 18. Bxe6 fxe6 19. Qxb3 Nd8 20. d4 Kh7 21. Qc4 Rf7 22. Rf1 b6 {½-½ (22) Martin Martin,O (2457)-Straka,Z (2543) ICCF email 2018}) 15... Nxg3 16. hxg3 Ne7 17. Qe2 Kg7 18. Rf1 h5 19. Rf2 Bd7 20. Raf1 {[%cal Rf2f7]} f6 $1 21. d4 c6 22. Bd3 a4 23. Bc2 b5 24. Kh2 Be6 {[#]} (24... Ng6 $11 {keeps the balance.} 25. Nf5+ Bxf5 26. Rxf5 Qh6) 25. a3 (25. d5 $1 $16 {[%cal Rd5e6][%mdl 512]} Bd7 (25... cxd5 26. exd5) 26. c4) 25... Rad8 26. Bd3 Bc8 27. Qe1 Be6 28. Kg1 Rb8 29. Qe2 Bd7 30. Rd1 Rfd8 31. Rdf1 Rf8 {The position is equal.} 32. Rd1 Rfd8 33. Rdf1 Rf8 {Weighted Error Value: White=0.12/Black=0.16} 1/2-1/2

[Event "Speed Chess Championship 2020"]
[Site "Online"]
[Date "2020.12.03"]
[Round "2.9"]
[White "Nakamura, Hikaru"]
[Black "Fedoseev, Vladimir"]
[Result "1-0"]
[WhiteElo "2736"]
[BlackElo "2676"]
[Annotator "RC"]
[PlyCount "155"]
[EventDate "2020.10.31"]
[EventType "k.o."]
[EventCountry "NET"]
[SourceTitle "playchess.com"]
[Source "ChessBase"]
[SourceQuality "1"]
[TimeControl "180+1"]

1. d4 {[%emt 0:00:01]} g6 {[%emt 0:00:01]} 2. e4 {[%emt 0:00:04]} Bg7 {[%emt 0:00:02]} 3. Nc3 {[%emt 0:00:01]} a6 {[%emt 0:00:01]} 4. f4 {[%emt 0:00:03]} b5 {[%emt 0:00:00]} 5. Nf3 {[%emt 0:00:00]} Bb7 {[%emt 0:00:01]} 6. Bd3 {[%emt 0:00:00]} d6 {[%emt 0:00:01]} 7. e5 {[%emt 0:00:01]} Nd7 {[%emt 0:00:04]} 8. Qe2 {[%emt 0:00:08]} Nh6 {[%emt 0:00:04]} 9. a4 {[%emt 0:00:03]} b4 {[%emt 0:00:01]} 10. Ne4 {[%emt 0:00:00]} O-O {[%emt 0:00:01]} 11. O-O {[%emt 0:00:01]} c5 {[%emt 0:00:10]} 12. dxc5 {[%emt 0:00:16]} d5 {[%emt 0:00:01]} 13. Ng3 {[%emt 0:00:19]} Nxc5 {[%emt 0:00:16]} 14. Be3 {[%emt 0:00:16]} Nxd3 {[%emt 0:00:07]} 15. Qxd3 {[%emt 0:00:04]} a5 {[%emt 0:00:06]} 16. Rfd1 {[%emt 0:00:04]} e6 {[%emt 0:00:00]} 17. h3 {[%emt 0:00:04]} Qc7 {[%emt 0:00:02]} 18. Nd4 {[%emt 0:00:03]} Rfc8 {[%emt 0:00:03]} 19. Qd2 {[%emt 0:00:05]} Kh8 {[%emt 0:00:05]} 20. Rac1 {[%emt 0:00:04]} Ba6 {[%emt 0:00:05]} 21. c3 {[%emt 0:00:02]} bxc3 {[%emt 0:00:53]} 22. Rxc3 {[%emt 0:00:01]} Qd7 {[%emt 0:00:01]} 23. Rxc8+ {[%emt 0:00:04]} Bxc8 {[%emt 0:00:07]} 24. b3 {[%emt 0:00:01]} Ng8 {[%emt 0:00:06]} 25. Rc1 {[%emt 0:00:03]} Bf8 {[%emt 0:00:06]} 26. Rc2 {[%emt 0:00:04]} Bb7 {[%emt 0:00:08]} 27. Qc1 {[%emt 0:00:04]} Rc8 {[%emt 0:00:15]} 28. Rxc8 {[%emt 0:00:02]} Bxc8 {[%emt 0:00:02]} 29. Nf1 {[%emt 0:00:13]} Ba6 {[%emt 0:00:03]} 30. Nd2 {[%emt 0:00:01]} Bb4 {[%emt 0:00:03]} 31. N2f3 {[%emt 0:00:01]} Ne7 {[%emt 0:00:02]} 32. Bd2 {[%emt 0:00:01]} Qb7 {[%emt 0:00:02]} 33. Bxb4 {[%emt 0:00:04]} Qxb4 {[%emt 0:00:02]} 34. Qc7 {[%emt 0:00:02]} Kg7 {[%emt 0:00:12]} 35. Kh2 {[%emt 0:00:15]} h6 {[%emt 0:00:01]} 36. Qd6 {[%emt 0:00:05]} Bd3 {[%emt 0:00:08]} 37. Qxb4 {[%emt 0:00:08]} axb4 {[%emt 0:00:01]} 38. Ne1 {[%emt 0:00:01]} Be4 {[%emt 0:00:01]} 39. Kg1 {[%emt 0:00:04]} Kf8 {[%emt 0:00:01]} 40. a5 {[%emt 0:00:05]} Ke8 {[%emt 0:00:02]} 41. a6 {[%emt 0:00:01]} Nc8 {[%emt 0:00:00]} 42. Nb5 {[%emt 0:00:09]} Kd7 {[%emt 0:00:02]} 43. a7 {[%emt 0:00:01]} d4 {[%emt 0:00:00]} 44. Nd3 {[%emt 0:00:03]} Nxa7 {[%emt 0:00:02]} 45. Nc5+ {[%emt 0:00:04]} Kc6 {[%emt 0:00:01]} 46. Nxe4 {[%emt 0:00:01]} Nxb5 {[%emt 0:00:01]} 47. Kf2 {[%emt 0:00:01]} Kd5 {[%emt 0:00:00]} 48. Nf6+ {[%emt 0:00:01]} Kc5 {[%emt 0:00:02]} 49. Ke2 {[%emt 0:00:02]} h5 {[%emt 0:00:04]} 50. g3 {[%emt 0:00:03]} Nc3+ {[%emt 0:00:06]} 51. Kd3 {[%emt 0:00:01]} Na2 {[%emt 0:00:02]} 52. Ne4+ {[%emt 0:00:02]} Kd5 {[%emt 0:00:00]} 53. Nf6+ {[%emt 0:00:01]} Kc5 {[%emt 0:00:01]} 54. Ne4+ {[%emt 0:00:06]} Kd5 {[%emt 0:00:01]} 55. Nf6+ {[%emt 0:00:03]} Kc6 {[%emt 0:00:02]} 56. Kxd4 {[%emt 0:00:04]} Nc1 {[%emt 0:00:00]} 57. Kc4 {[%emt 0:00:00]} Ne2 {[%emt 0:00:01]} 58. Ne4 {[%emt 0:00:01]} h4 {[%emt 0:00:01]} 59. gxh4 {[%emt 0:00:00]} Nxf4 {[%emt 0:00:01]} 60. Ng5 {[%emt 0:00:00]} Kd7 {[%emt 0:00:01]} 61. Nxf7 {[%emt 0:00:02]} Nxh3 {[%emt 0:00:01]} 62. Kxb4 {[%emt 0:00:01]} Nf4 {[%emt 0:00:00]} 63. Kc5 {[%emt 0:00:02]} Ng2 {[%emt 0:00:01]} 64. b4 {[%emt 0:00:01]} Nxh4 {[%emt 0:00:01]} 65. b5 {[%emt 0:00:00]} Nf5 {[%emt 0:00:01]} 66. b6 {[%emt 0:00:02]} Ng3 {[%emt 0:00:02]} 67. Ng5 {[%emt 0:00:02]} Nf5 {[%emt 0:00:03]} 68. Nxe6 {[%emt 0:00:01]} Kc8 {[%emt 0:00:01]} 69. Nd4 {[%emt 0:00:03]} Ne7 {[%emt 0:00:02]} 70. Kd6 {[%emt 0:00:00]} Ng8 {[%emt 0:00:01]} 71. e6 {[%emt 0:00:06]} Kb7 {[%emt 0:00:00]} 72. Kc5 {[%emt 0:00:00]} g5 {[%emt 0:00:01]} 73. Nf5 {[%emt 0:00:01]} g4 {[%emt 0:00:01]} 74. Kb5 {[%emt 0:00:01]} Kb8 {[%emt 0:00:02]} 75. Kc6 {[%emt 0:00:01]} Kc8 {[%emt 0:00:02]} 76. e7 {[%emt 0:00:01]} Nxe7+ {[%emt 0:00:01]} 77. Nxe7+ {[%emt 0:00:01]} Kb8 {[%emt 0:00:00]} 78. Nf5 {[%emt 0:00:00]} 1-0

[Event "Speed Chess Championship 2020"]
[Site "Online"]
[Date "2020.12.02"]
[Round "2.10"]
[White "Aronian, Levon"]
[Black "Vachier-Lagrave, Maxime"]
[Result "1/2-1/2"]
[WhiteElo "2781"]
[BlackElo "2784"]
[Annotator "TA"]
[PlyCount "124"]
[EventDate "2020.10.31"]
[EventType "k.o."]
[EventCountry "NET"]
[SourceTitle "playchess.com"]
[Source "ChessBase"]
[SourceQuality "1"]

{[%evp 9,124,2,0,-14,0,-17,-6,4,8,-14,-1,-9,-4,-6,0,0,14,20,62,27,34,0,33,14,39,34,92,92,98,73,68,70,58,76,76,76,76,78,78,78,76,68,68,68,66,54,52,35,41,0,0,0,0,0,17,0,214,207,412,341,207,0,79,0,50,50,50,17,18,18,18,18,18,18,36,27,27,18,36,27,36,36,36,36,36,0,36,36,36,36,36,0,36,36,36,0,8,0,0,0,0,0,0,0,0,0,0,0,0,0,0,0,0,0,0,0,0]} 1. d4 Nf6 2. Nf3 g6 3. Nc3 d5 4. Bf4 Bg7 5. e3 O-O 6. Nb5 {D00: 1 d4 d5: Unusual lines.} Na6 7. h3 c6 8. Nc3 b6 {[#]} 9. Bd3 $146 ({Predecessor:} 9. Ne5 c5 10. Bb5 cxd4 11. exd4 Nc7 12. Bc6 Rb8 13. O-O b5 14. a4 b4 15. Nb5 {0-1 (42) Ladva,O (2522)-Saric,I (2669) Katowice 2017}) 9... Bb7 10. O-O c5 11. a4 Nb4 12. a5 c4 13. Be2 bxa5 14. Ne5 e6 15. Bf3 Nc6 16. Ra3 (16. Qd2 {keeps more tension.} Nd7 17. Nxc6 Bxc6 18. Ra2 Re8 19. Rfa1) 16... Nxe5 (16... Nd7 {keeps more tension.} 17. Nxc6 Bxc6 18. Qd2 Re8 19. Rfa1 a4) 17. Bxe5 Ne4 ({Black should play} 17... Nd7 $14) 18. Bxe4 $16 Bxe5 19. Bxd5 (19. dxe5 {looks sharper.} dxe4 20. Qxd8 Rfxd8 21. Rxa5 a6 22. Rfa1) 19... Bxd5 20. dxe5 Rb8 21. Nxd5 Qxd5 22. Qxd5 exd5 23. Rxa5 Rxb2 $14 {[%mdl 4096] Endgame KRR-KRR} 24. Rc1 Rfb8 25. Rxa7 Rb1 26. Ra1 Rxc1+ 27. Rxc1 {KR-KR} Re8 28. f4 f6 $1 29. exf6 {aiming for Kf2.} Rxe3 30. Rd1 Rc3 31. Rxd5 {Threatens to win with Rd7.} Rxc2 32. Rd7 c3 $2 (32... h5 $1 $11 {and Black has nothing to worry.}) 33. Rg7+ $1 $18 Kh8 $2 (33... Kf8 34. Rxh7 Rd2) 34. Rc7 {[%cal Rc7c8]} Kg8 {[#]} 35. Kh2 $2 (35. g4 $1 $18) 35... h6 {[#]} (35... h5 $1 $11) 36. Kg3 (36. Rg7+ $1 $16 Kf8 37. Rxg6) 36... Rd2 (36... h5 {is more complex.} 37. Kf3 h4 38. Rd7 Kf8 39. g4 hxg3 40. Kxg3 Rc1) 37. Rxc3 Rd6 38. f5 Rxf6 39. Rc5 gxf5 40. Kf4 Ra6 41. Kxf5 Kg7 42. Rc7+ Kg8 43. h4 Rb6 44. g4 Ra6 45. Re7 {Strongly threatening Re6.} Ra5+ 46. Kf6 Ra4 47. Re8+ Kh7 48. Kf5 Ra5+ 49. Re5 Ra7 50. Kf6 Ra6+ (50... Ra4 {feels hotter.} 51. g5 Rf4+ 52. Rf5 Rxh4 53. g6+ Kg8) 51. Re6 Ra4 52. Re7+ Kg8 {The position is equal.} 53. Rg7+ Kh8 {Hoping for ...Ra6+.} 54. Rg6 Kh7 55. Rg7+ Kh8 {...Ra6+ is the strong threat.} 56. Rg6 Kh7 {And now ...Ra6+ would win.} 57. h5 Ra6+ 58. Kf7 Ra7+ 59. Ke8 Ra8+ 60. Kf7 Ra7+ 61. Kf8 Ra8+ 62. Kf7 Ra7+ {Weighted Error Value: White=0.12/Black=0.21} 1/2-1/2